[Event "Online Olym Div2 B 2020"]
[Site "chess.com INT"]
[Date "2020.08.15"]
[Round "4.2"]
[Board "2"]
[White "Nabaty, Tamir"]
[Black "Iordachescu, Viorel"]
[Result "1-0"]
[WhiteTitle "GM"]
[BlackTitle "GM"]
[WhiteElo "2635"]
[BlackElo "2589"]
[WhiteTeam "Israel"]
[BlackTeam "Moldova"]
[WhiteFideId "2809052"]
[BlackFideId "13900200"]
[EventDate "2020.08.14"]
[EventType "team"]

1. d4 Nf6 2. Bf4 c5 3. dxc5 Na6 4. f3 Nxc5 5. e4 d5 6. e5 Ng8 7. Nc3 e6 8. Be3
a6 9. f4 Nh6 10. Nf3 b5 11. Bd3 Bb7 12. O-O Ng4 13. Bd4 b4 14. Ne2 Be7 15. f5
Ne4 16. fxe6 O-O 17. Nf4 Qc8 18. exf7+ Rxf7 19. g3 Bc5 20. c3 bxc3 21. bxc3 Ne3
22. Qe2 Nxf1 23. Rxf1 Nxc3 24. Qe3 Ne4 25. Bxc5 Qxc5 26. Qxc5 Nxc5 27. Bxh7+ Kh8
28. Ng5 Rf6 29. exf6 gxf6 30. Nge6 Nxe6 31. Nxe6 Kxh7 32. Rxf6 Rb8 33. Ng5+ Kg8
34. Rb6 d4 35. h4 d3 36. Rd6 Rc8 37. Rxd3 a5 38. Kf2 Rc2+ 39. Ke3 Ba6 40. Rd2
Rc3+ 41. Kf4 Ra3 42. h5 Bc4 43. h6 Ra4 44. Rd8# 1-0

[Event "Online Olym Div2 B 2020"]
[Site "chess.com INT"]
[Date "2020.08.15"]
[Round "4.2"]
[Board "3"]
[White "Gitu, Paula-Alexandra"]
[Black "Shvayger, Yuliya"]
[Result "0-1"]
[WhiteTitle "WFM"]
[BlackTitle "IM"]
[WhiteElo "2113"]
[BlackElo "2332"]
[WhiteTeam "Moldova"]
[BlackTeam "Israel"]
[WhiteFideId "13904620"]
[BlackFideId "14100126"]
[EventDate "2020.08.14"]
[EventType "team"]

1. e4 c5 2. Nf3 Nc6 3. Bb5 g6 4. Bxc6 bxc6 5. O-O Bg7 6. Re1 Nh6 7. c3 O-O 8. d4
cxd4 9. cxd4 d5 10. e5 f6 11. h3 Qb6 12. Nc3 fxe5 13. Nxe5 Nf5 14. Rb1 Qxd4 15.
Nxc6 Qxd1 16. Rxd1 Bd7 17. Nb4 e6 18. Nd3 Bc6 19. Bf4 d4 20. Ne2 Nh4 21. f3 Bb5
22. Nec1 Rac8 23. Bg5 Nf5 24. Rd2 e5 25. Re2 h6 26. Bd2 Rc2 27. b3 e4 28. Nb4
Rxc1+ 29. Rxc1 Bxe2 30. fxe4 Ng3 31. Nd5 Nxe4 32. Bb4 Rd8 33. Nf4 d3 0-1

[Event "Online Olym Div2 B 2020"]
[Site "chess.com INT"]
[Date "2020.08.15"]
[Round "4.2"]
[Board "4"]
[White "Lahav, Michal"]
[Black "Verbin, Valentina"]
[Result "1-0"]
[WhiteTitle "WIM"]
[WhiteElo "2239"]
[BlackElo "1982"]
[WhiteTeam "Israel"]
[BlackTeam "Moldova"]
[WhiteFideId "2813742"]
[BlackFideId "13905910"]
[EventDate "2020.08.14"]
[EventType "team"]

1. c4 e6 2. g3 d5 3. b3 Nf6 4. Bg2 Be7 5. Nf3 b6 6. cxd5 exd5 7. O-O Bb7 8. Bb2
O-O 9. Qc2 Nbd7 10. Nd4 c5 11. Nf5 Re8 12. d4 Bf8 13. Rd1 Qc8 14. Nc3 g6 15. Nh4
cxd4 16. Rxd4 Ne4 17. Bxe4 dxe4 18. Rad1 Nc5 19. Nd5 Bg7 20. R4d2 Qc6 21. Bxg7
Kxg7 22. Qc3+ f6 23. Nxf6 e3 24. Nxe8+ Kf7 25. Nd6+ Kg8 26. Qc4+ Kg7 27. Qf7+
Kh6 28. Qf4+ Kg7 29. Nxb7 exd2 30. Nxc5 Qxc5 31. Qxd2 Rf8 32. Nf3 h6 33. Qd4+
Qxd4 34. Rxd4 Kf6 35. Rd7 Ra8 36. Kg2 a6 37. e4 Ke6 38. Rh7 h5 39. Rg7 Kf6 40.
Rb7 b5 41. Rb6+ 1-0

[Event "Online Olym Div2 B 2020"]
[Site "chess.com INT"]
[Date "2020.08.15"]
[Round "4.2"]
[Board "5"]
[White "Schitco, Ivan"]
[Black "Gorodetzky, David"]
[Result "0-1"]
[WhiteTitle "IM"]
[BlackTitle "IM"]
[WhiteElo "2467"]
[BlackElo "2489"]
[WhiteTeam "Moldova"]
[BlackTeam "Israel"]
[WhiteFideId "13905465"]
[BlackFideId "2813416"]
[EventDate "2020.08.14"]
[EventType "team"]

1. e4 c6 2. Nf3 d5 3. Nc3 dxe4 4. Nxe4 Nf6 5. Qe2 Nxe4 6. Qxe4 Qa5 7. Qf4 Qf5 8.
Qe3 Qxc2 9. Bd3 Qa4 10. b3 Qa5 11. Bb2 Na6 12. O-O Nc7 13. Ne5 Be6 14. Bc3 Qd5
15. f4 Qd6 16. f5 Bd5 17. Rae1 f6 18. Nc4 Qd7 19. Bb4 b6 20. Nd6+ Kd8 21. Nc4 c5
22. Bc3 Kc8 23. Be4 Kb7 24. d4 cxd4 25. Bxd4 Bxe4 26. Qxe4+ Qd5 27. Qe3 Rd8 28.
Rd1 e5 29. fxe6 Qxe6 30. Qf3+ Qc6 31. Qf2 Rxd4 32. Rxd4 Bc5 33. b4 Bxd4 34. Qxd4
Qd5 35. Nd6+ Kc6 36. Qxd5+ Nxd5 37. Nf5 g6 38. Nd4+ Kd6 39. Nb5+ Kc6 40. Nxa7+
Kb7 41. Nb5 Nxb4 42. Rxf6 Nxa2 43. g4 Nb4 44. h4 Nd5 45. Rf7+ Kc6 46. Nd4+ Kc5
47. Ne6+ Kc4 48. Nf8 b5 49. Nxh7 b4 50. g5 b3 51. h5 b2 52. Rf1 Rxh7 53. h6 Nc3 0-1

[Event "Online Olym Div2 B 2020"]
[Site "chess.com INT"]
[Date "2020.08.15"]
[Round "4.2"]
[Board "6"]
[White "Katkov, Michelle"]
[Black "Mihailova, Alina"]
[Result "0-1"]
[WhiteTitle "WFM"]
[WhiteElo "2144"]
[BlackElo "1741"]
[WhiteTeam "Israel"]
[BlackTeam "Moldova"]
[WhiteFideId "2816393"]
[BlackFideId "13907018"]
[EventDate "2020.08.14"]
[EventType "team"]

1. e4 c5 2. c3 e6 3. d4 d5 4. exd5 exd5 5. Nf3 Nc6 6. Bb5 Bd6 7. O-O Nf6 8. Re1+
Be6 9. Bg5 O-O 10. dxc5 Bxc5 11. Bh4 h6 12. Nbd2 Bb6 13. Nb3 g5 14. Bg3 Ne4 15.
Nbd4 Bd7 16. Bd3 f5 17. Nxc6 Bxc6 18. Nd4 Bxd4 19. cxd4 f4 20. f3 fxg3 21. fxe4
Qf6 22. e5 gxh2+ 23. Kh1 Qe6 24. Qh5 Rf4 25. Rf1 Raf8 26. Rxf4 Rxf4 27. Rd1 Be8
28. Qe2 Kg7 29. Qe3 Bh5 30. Rc1 Rf7 31. Kxh2 Bg4 32. Bc2 Qb6 33. Bb3 Be6 34. Rc5
Qd8 35. Qc3 g4 36. Qg3 h5 37. Kg1 h4 38. Qe3 h3 39. gxh3 Rf3 40. Qc1 Rg3+ 41.
Kf1 Qf8+ 42. Ke2 Qf3+ 43. Kd2 Rg2+ 44. Ke1 Qe2# 0-1

[Event "Online Olym Div2 B 2020"]
[Site "chess.com INT"]
[Date "2020.08.15"]
[Round "4.3"]
[Board "1"]
[White "Severino, Sander"]
[Black "Halvax, Georg"]
[Result "1/2-1/2"]
[WhiteTitle "FM"]
[BlackTitle "IM"]
[WhiteElo "2364"]
[BlackElo "2402"]
[WhiteTeam "IPCA"]
[BlackTeam "Austria"]
[WhiteFideId "5204100"]
[BlackFideId "1619543"]
[EventDate "2020.08.14"]
[EventType "team"]

1. d4 d5 2. c4 e6 3. Nf3 Nf6 4. g3 g6 5. Bg2 Bg7 6. O-O O-O 7. Qc2 Nc6 8. Rd1 a6
9. Nbd2 Ne7 10. e4 dxe4 11. Nxe4 Nxe4 12. Qxe4 Rb8 13. Bf4 b5 14. b3 bxc4 15.
bxc4 Bb7 16. Qe2 Nf5 17. Be5 Bxe5 18. Qxe5 Qd6 19. g4 f6 20. Qxd6 Nxd6 21. Rac1
Rfd8 22. d5 exd5 23. cxd5 Ne8 24. Rb1 Ba8 25. Rxb8 Rxb8 26. Nd4 Rd8 27. Ne6 Rd6
28. Rc1 Bxd5 29. Bxd5 Rxd5 30. Nxc7 Nxc7 31. Rxc7 Ra5 32. Rc2 Kg7 33. Kg2 h5 34.
gxh5 gxh5 35. h4 Ra3 36. f3 Kg6 37. Kg3 a5 38. Rb2 a4 39. Rc2 Rd3 40. Rc4 Ra3
41. Rc2 Rd3 42. Rc4 Ra3 43. Rc2 1/2-1/2

[Event "Online Olym Div2 B 2020"]
[Site "chess.com INT"]
[Date "2020.08.15"]
[Round "4.3"]
[Board "2"]
[White "Kilgus, Georg"]
[Black "Obodchuk, Andrei"]
[Result "0-1"]
[WhiteTitle "IM"]
[BlackTitle "IM"]
[WhiteElo "2461"]
[BlackElo "2299"]
[WhiteTeam "Austria"]
[BlackTeam "IPCA"]
[WhiteFideId "1606212"]
[BlackFideId "4114310"]
[EventDate "2020.08.14"]
[EventType "team"]

1. d4 Nf6 2. c4 g6 3. Nc3 d5 4. Bg5 Ne4 5. h4 c6 6. e3 Qa5 7. cxd5 cxd5 8. Bb5+
Bd7 9. Bxd7+ Nxd7 10. Ne2 e6 11. O-O Nxg5 12. hxg5 Be7 13. f4 h6 14. gxh6 Rxh6
15. Qa4 Qxa4 16. Nxa4 O-O-O 17. Kf2 Nf6 18. Rh1 Ne4+ 19. Kf3 Rdh8 20. Rxh6 Rxh6
21. Nac3 Nd2+ 22. Kf2 Kd7 23. Rd1 Nc4 24. b3 Nd6 25. g3 g5 26. Rg1 g4 27. Nc1
Nf5 28. Nd1 f6 29. Nd3 Rh2+ 30. Rg2 Rh1 31. Nc3 b6 32. Ke2 Ba3 33. Kd2 a6 34.
Nf2 Ra1 35. Nxg4 Bb4 36. Kc2 Ke7 37. a4 Re1 38. Nd1 Kf7 39. Ngf2 Re2+ 40. Kb1
Be1 41. Rh2 Nxe3 42. Nxe3 Rxf2 43. Rxf2 Bxf2 44. Nf1 Kg6 45. Kc2 Bxd4 46. Kd3
Bc5 47. g4 e5 48. fxe5 fxe5 49. Ng3 e4+ 50. Ke2 Kg5 51. Nf5 Kxg4 0-1

[Event "Online Olym Div2 B 2020"]
[Site "chess.com INT"]
[Date "2020.08.15"]
[Round "4.3"]
[Board "3"]
[White "Jennitha, Anto K."]
[Black "Hapala, Elisabeth"]
[Result "1-0"]
[WhiteTitle "WIM"]
[BlackTitle "WFM"]
[WhiteElo "2001"]
[BlackElo "2158"]
[WhiteTeam "IPCA"]
[BlackTeam "Austria"]
[WhiteFideId "5018218"]
[BlackFideId "1622080"]
[EventDate "2020.08.14"]
[EventType "team"]

1. e4 c5 2. Nf3 e6 3. d4 cxd4 4. Nxd4 a6 5. Nc3 Qc7 6. g3 b5 7. a3 Bb7 8. Bg2
Nf6 9. O-O Nc6 10. Re1 Nxd4 11. Qxd4 Bc5 12. Qd1 O-O 13. Be3 Bxe3 14. Rxe3 Rfd8
15. Rd3 Rac8 16. Qe2 d6 17. Rad1 Rd7 18. R1d2 Rcd8 19. Qd1 h6 20. h3 Bc6 21. Kh2
h5 22. f4 h4 23. g4 d5 24. e5 Nh7 25. Qe1 g5 26. Rf2 gxf4 27. Rxf4 f6 28. Qxh4
Qxe5 29. Qg3 Ng5 30. Rf1 Qxg3+ 31. Kxg3 Kg7 32. h4 Nf7 33. Rd2 Ne5 34. Rdf2 Rf7
35. g5 fxg5 36. hxg5 Rxf2 37. Rxf2 d4 38. Ne4 Bd5 39. Nf6 Bxg2 40. Kxg2 Nc4 41.
b3 Nxa3 42. Ne4 b4 43. Nc5 Re8 44. Nxa6 Nb5 45. Nxb4 e5 46. Re2 e4 47. Nd5 Kg6
48. Kg3 Kxg5 49. Re1 Nd6 50. c4 Nf5+ 51. Kg2 e3 52. Kf3 Nh4+ 53. Ke2 Nf5 54. Kd3
Kg4 55. Nf6+ Kf3 56. Nxe8 Kf2 57. Re2+ Kf3 58. Nf6 Ng3 59. Re1 Kf2 60. Ra1 e2
61. Ne4+ Nxe4 62. Kxe4 1-0

[Event "Online Olym Div2 B 2020"]
[Site "chess.com INT"]
[Date "2020.08.15"]
[Round "4.3"]
[Board "4"]
[White "Exler, Veronika"]
[Black "Kaydanovich, Marina"]
[Result "1-0"]
[WhiteTitle "WIM"]
[BlackTitle "WIM"]
[WhiteElo "2155"]
[BlackElo "1734"]
[WhiteTeam "Austria"]
[BlackTeam "IPCA"]
[WhiteFideId "1620550"]
[BlackFideId "4134877"]
[EventDate "2020.08.14"]
[EventType "team"]

1. e4 e5 2. Nf3 Nc6 3. d4 exd4 4. Bc4 Nf6 5. e5 d5 6. Bb5 Ng4 7. h3 Nxe5 8. Nxe5
Qe7 9. O-O Qf6 10. Qxd4 Be7 11. Nxc6 1-0

[Event "Online Olym Div2 B 2020"]
[Site "chess.com INT"]
[Date "2020.08.15"]
[Round "4.3"]
[Board "5"]
[White "Lipilin, Ilia"]
[Black "Blohberger, Felix"]
[Result "0-1"]
[WhiteTitle "FM"]
[BlackTitle "IM"]
[WhiteElo "2189"]
[BlackElo "2467"]
[WhiteTeam "IPCA"]
[BlackTeam "Austria"]
[WhiteFideId "54113245"]
[BlackFideId "1632051"]
[EventDate "2020.08.14"]
[EventType "team"]

1. d4 e6 2. c4 Bb4+ 3. Nc3 f5 4. Qc2 Nf6 5. Nf3 b6 6. Bg5 Bb7 7. a3 Bxc3+ 8.
Qxc3 d6 9. e3 Nbd7 10. Be2 h6 11. Bxf6 Nxf6 12. Qc2 Ne4 13. O-O O-O 14. Rfd1 Qf6
15. d5 e5 16. b4 c6 17. dxc6 Bxc6 18. Bd3 Qg6 19. Ne1 Ng5 20. Kf1 Qh5 21. Bxf5
Qxh2 22. e4 Rf6 23. b5 Bb7 24. Rd5 Raf8 25. Rad1 Bxd5 26. cxd5 g6 27. Be6+ Nxe6
28. dxe6 Qh1+ 29. Ke2 Rxf2+ 30. Kd3 Qf1+ 31. Kc3 Rc8+ 32. Kb3 Rfxc2 33. Nxc2
Qxd1 34. e7 Qxc2+ 35. Kb4 Qc4# 0-1

[Event "Online Olym Div2 B 2020"]
[Site "chess.com INT"]
[Date "2020.08.15"]
[Round "4.3"]
[Board "6"]
[White "Mayrhuber, Nikola"]
[Black "Nikitskaya, Varvara"]
[Result "1-0"]
[WhiteTitle "WFM"]
[WhiteElo "1991"]
[BlackElo "1173"]
[WhiteTeam "Austria"]
[BlackTeam "IPCA"]
[WhiteFideId "1637819"]
[BlackFideId "34420029"]
[EventDate "2020.08.14"]
[EventType "team"]

1. d4 Nf6 2. Nf3 e6 3. g3 g6 4. Bg2 Bg7 5. O-O O-O 6. c4 d6 7. Nc3 c5 8. d5 exd5
9. cxd5 a6 10. a4 Re8 11. Bf4 Qe7 12. Nd2 Nh5 13. e4 Nxf4 14. gxf4 f5 15. Re1
Qf8 16. Qf3 Ra7 17. Nc4 Nd7 18. exf5 Rxe1+ 19. Rxe1 gxf5 20. a5 Nf6 21. Nb6 Bd7
22. Qe3 Bb5 23. Qe7 Qxe7 24. Rxe7 Bf8 25. Re6 Nd7 26. Nxb5 axb5 27. Nxd7 Rxa5
28. Nxf8 Kxf8 29. Rxd6 Ra1+ 30. Bf1 Ke7 31. Rb6 b4 32. Kg2 Rb1 33. d6+ Kd7 34.
Bb5+ Kd8 35. Rxb7 Rd1 36. Rb8# 1-0

[Event "Online Olym Div2 B 2020"]
[Site "chess.com INT"]
[Date "2020.08.15"]
[Round "4.4"]
[Board "1"]
[White "Tin, Jingyao"]
[Black "Khumnorkaew, Tupfah"]
[Result "1-0"]
[WhiteTitle "IM"]
[WhiteElo "2464"]
[BlackElo "2099"]
[WhiteTeam "Singapore"]
[BlackTeam "Thailand"]
[WhiteFideId "5804418"]
[BlackFideId "6202071"]
[EventDate "2020.08.14"]
[EventType "team"]

1. d4 Nf6 2. c4 g6 3. Nc3 Bg7 4. Nf3 O-O 5. e4 d6 6. Be2 Nbd7 7. O-O e5 8. Re1
h6 9. Bf1 Kh7 10. b3 c6 11. d5 c5 12. a3 Ng8 13. b4 f5 14. Nd2 f4 15. Rb1 g5 16.
Be2 Ngf6 17. Nb5 Qe7 18. g4 Rh8 19. f3 h5 20. h3 Kg8 21. Kg2 b6 22. Rh1 Nf8 23.
bxc5 bxc5 24. Nc3 Ng6 25. Nb3 Qd8 26. Bd2 Rb8 27. Na1 Rxb1 28. Qxb1 Bd7 29. Qb7
Qe7 30. Nb3 Bf8 31. Be1 Qh7 32. Nd2 hxg4 33. fxg4 f3+ 34. Bxf3 Nf4+ 35. Kf1 Nxg4
36. hxg4 Qxh1+ 37. Bxh1 Rxh1+ 38. Kf2 Bxg4 39. Qb1 Rh2+ 40. Kg1 Rh3 41. Nf1 Bf3
42. Ng3 g4 43. Qb8 Nh5 44. Nce2 Bxe2 45. Nxe2 Re3 46. Kf1 Rxe4 47. Qc8 Ng7 48.
Bh4 Kf7 49. Qd7+ Kg8 50. Bf6 Rxc4 51. Bxg7 Bxg7 52. Qe8+ Kh7 53. Qh5+ Kg8 54.
Ng3 Rf4+ 55. Kg2 c4 56. Nf5 c3 57. Qg6 Rxf5 58. Qxf5 e4 59. Qxe4 Be5 60. Qxg4+
Kf7 61. Kf3 Ke8 62. Qc8+ Ke7 63. Ke4 Kf6 64. Qf8+ Kg6 65. Qf5+ Kg7 66. Kf3 a5
67. a4 Kh6 68. Kg4 Bg7 69. Qh5# 1-0

[Event "Online Olym Div2 B 2020"]
[Site "chess.com INT"]
[Date "2020.08.15"]
[Round "4.4"]
[Board "2"]
[White "Arunnuntapanich, Tinnakrit"]
[Black "Sivakumar, Ashvin"]
[Result "1-0"]
[BlackTitle "FM"]
[WhiteElo "2064"]
[BlackElo "2172"]
[WhiteTeam "Thailand"]
[BlackTeam "Singapore"]
[WhiteFideId "6202039"]
[BlackFideId "5804655"]
[EventDate "2020.08.14"]
[EventType "team"]

1. d4 Nf6 2. c4 d6 3. Nc3 g6 4. e4 Bg7 5. Nf3 O-O 6. Be2 e5 7. O-O Nbd7 8. Be3
Ng4 9. Bg5 f6 10. Bh4 h5 11. h3 Nh6 12. d5 a5 13. a3 g5 14. Bg3 Nc5 15. b4 axb4
16. axb4 Rxa1 17. Qxa1 Nb3 18. Qd1 Nd4 19. Nxd4 exd4 20. Nb5 h4 21. Bh2 Re8 22.
Bd3 f5 23. exf5 Nxf5 24. Qh5 Rf8 25. Re1 Bd7 26. Qg6 Qf6 27. Qxf6 Bxf6 28. Nxc7
Rc8 29. Nb5 Bxb5 30. cxb5 Ne7 31. Be4 Kf7 32. Bxd6 Rd8 33. Bc5 Nxd5 34. b6 Nc3
35. Bd3 Na4 36. Ra1 Nxc5 37. bxc5 Be7 38. Ra7 Rb8 39. Ra5 Rc8 40. Ra7 Rb8 41. c6
bxc6 42. b7 Bc5 43. Ra6 Rxb7 44. Rxc6 Be7 45. Rc4 Bf6 46. Kf1 Rb2 47. Ra4 Rd2
48. Ra3 Rb2 49. Ke1 Be7 50. Ra7 Kf6 51. Ra6+ Kf7 52. Ra7 Kf8 53. Rd7 Bb4+ 54.
Kf1 Bc3 55. Rd5 Rd2 56. Bc4 Rb2 57. Rxg5 Ke7 58. Rg4 Rb1+ 59. Ke2 Re1+ 60. Kf3
Kd6 61. Rxh4 Kc5 62. Bd3 Rd1 63. Rh5+ Kc6 64. Be4+ Kc7 65. Rd5 Be1 66. Ke2 Ra1
67. Rxd4 Ba5 68. f4 Bb6 69. Rc4+ Kd7 70. Kf3 Bc7 71. f5 Rf1+ 72. Ke2 Ra1 73. g4
Ra2+ 74. Rc2 Rxc2+ 75. Bxc2 Ke7 76. Kf3 Kf6 77. h4 Bd8 78. g5+ Kg7 79. Kf4 Bc7+
80. Ke4 Bd8 81. Kd5 Kf7 82. Bb3 Ba5 83. Kd6+ Kf8 84. Ke6 Be1 85. h5 Bd2 86. Kf6
Bc3+ 87. Kg6 Bh8 88. f6 Ke8 89. Kh7 1-0

[Event "Online Olym Div2 B 2020"]
[Site "chess.com INT"]
[Date "2020.08.15"]
[Round "4.4"]
[Board "3"]
[White "Gong, Qianyun"]
[Black "Atikankhotchasee, Manunthon"]
[Result "1-0"]
[WhiteTitle "WGM"]
[BlackTitle "WFM"]
[WhiteElo "2333"]
[BlackElo "1622"]
[WhiteTeam "Singapore"]
[BlackTeam "Thailand"]
[WhiteFideId "8602425"]
[BlackFideId "6203191"]
[EventDate "2020.08.14"]
[EventType "team"]

1. e4 c5 2. Nc3 Nc6 3. f4 g6 4. Nf3 Bg7 5. Bc4 e6 6. O-O a6 7. a4 Nge7 8. e5 b6
9. Ne4 O-O 10. Nd6 Nf5 11. Nxf5 exf5 12. Bd5 Rb8 13. c3 Ne7 14. Bb3 Bb7 15. d4
cxd4 16. Qxd4 Nc6 17. Qd6 Qe7 18. Qxe7 Nxe7 19. Be3 Nd5 20. Bd2 Rfd8 21. Rad1
Bf8 22. Bc1 Bc5+ 23. Kh1 Ne3 24. Bxe3 Bxe3 25. Ng5 d5 26. exd6 Rd7 27. Nxf7 Rxf7
28. d7 Rd8 29. Rfe1 Kg7 30. Bxf7 Bxf4 31. Re8 Bc7 32. Rxd8 Bxd8 33. Bd5 Bxd5 34.
Rxd5 Kf6 35. b4 Ke6 36. c4 Ke7 37. c5 bxc5 38. bxc5 a5 39. c6 Bc7 40. Rd3 Bd8
41. Re3+ Kd6 42. Re8 Kc7 43. Rh8 g5 44. g3 h5 45. Kg2 Be7 46. Rc8+ 1-0

[Event "Online Olym Div2 B 2020"]
[Site "chess.com INT"]
[Date "2020.08.15"]
[Round "4.4"]
[Board "4"]
[White "Promsirinimit, Pornouma"]
[Black "Liu, Yang Hazel"]
[Result "0-1"]
[BlackTitle "WFM"]
[WhiteElo "1559"]
[BlackElo "2046"]
[WhiteTeam "Thailand"]
[BlackTeam "Singapore"]
[WhiteFideId "6204171"]
[BlackFideId "5800919"]
[EventDate "2020.08.14"]
[EventType "team"]

1. e4 c5 2. Nf3 Nc6 3. Nc3 e5 4. Bc4 d6 5. d3 Be7 6. O-O Nf6 7. Nd5 Nxd5 8. Bxd5
O-O 9. h3 Be6 10. c4 Qd7 11. a3 Kh8 12. Bd2 f5 13. b4 cxb4 14. axb4 f4 15. b5
Bxh3 16. gxh3 Qxh3 17. Nh2 f3 18. Nxf3 Qg4+ 19. Kh2 Rxf3 20. Qxf3 Qxf3 21. bxc6
bxc6 22. Bxc6 Rf8 23. Rxa7 Qe2 24. Be3 Qxf1 25. Rxe7 Rxf2+ 26. Bxf2 Qxf2+ 27.
Kh3 Qf3+ 28. Kh2 Qh5+ 29. Kg2 Qg5+ 30. Kf3 Qxe7 31. Ke3 Qf6 32. Bd5 g5 0-1

[Event "Online Olym Div2 B 2020"]
[Site "chess.com INT"]
[Date "2020.08.15"]
[Round "4.4"]
[Board "5"]
[White "Lee, Qing Aun"]
[Black "Laohawirapap, Prin"]
[Result "1/2-1/2"]
[WhiteTitle "FM"]
[WhiteElo "2262"]
[BlackElo "1913"]
[WhiteTeam "Singapore"]
[BlackTeam "Thailand"]
[WhiteFideId "5804167"]
[BlackFideId "6205003"]
[EventDate "2020.08.14"]
[EventType "team"]

1. e4 c5 2. Nf3 Nc6 3. d4 cxd4 4. Nxd4 g6 5. c4 Nf6 6. Nc3 d6 7. Be2 Nxd4 8.
Qxd4 Bg7 9. Be3 O-O 10. Qd2 a5 11. O-O a4 12. Bd4 Qa5 13. Rad1 Be6 14. f3 Rfc8
15. b3 axb3 16. axb3 Qb4 17. Rb1 Ra3 18. Qd1 Nd7 19. Nb5 Bxd4+ 20. Nxd4 Ra2 21.
Nxe6 fxe6 22. Qe1 Qb6+ 23. Kh1 Qe3 24. Bd1 Qd3 25. Rc1 b5 26. f4 bxc4 27. Bg4
Nf8 28. f5 Rc5 29. fxe6 cxb3 30. Rd1 Qc2 31. Qg3 Rc3 32. Rxf8+ Kxf8 33. Qf4+ Kg7
34. Qf7+ Kh6 35. Qf4+ Kg7 36. Qf7+ Kh6 37. Qf8+ Kg5 38. Rd5+ Kxg4 39. h3+ Rxh3+
40. gxh3+ Kxh3 41. Qf3+ Kh4 42. Qf4+ Kh3 43. Qf3+ Kh4 44. Qf4+ Kh3 45. Qh6+ Kg4
46. Rg5+ Kf3 47. Qh3+ Ke2 48. Rg2+ Kd1 49. Qf3+ Kc1 50. Qe3+ Kb1 51. Rxc2 bxc2
52. Qb3+ Rb2 53. Qd3 Ka2 54. Qa6+ Kb1 55. Qd3 Ka2 56. Qc4+ Kb1 57. Qd3 1/2-1/2

[Event "Online Olym Div2 B 2020"]
[Site "chess.com INT"]
[Date "2020.08.15"]
[Round "4.4"]
[Board "6"]
[White "Chuemsakul, Sarocha"]
[Black "Mak, Xiu Ning Charlene"]
[Result "1-0"]
[WhiteTitle "WFM"]
[WhiteElo "1668"]
[BlackElo "1667"]
[WhiteTeam "Thailand"]
[BlackTeam "Singapore"]
[WhiteFideId "6203710"]
[BlackFideId "5820332"]
[EventDate "2020.08.14"]
[EventType "team"]

1. d4 Nf6 2. c4 g6 3. Nc3 Bg7 4. e4 d6 5. Be2 O-O 6. Nf3 e5 7. d5 a5 8. O-O Na6
9. b3 Nc5 10. Qc2 Nh5 11. Bg5 f6 12. Be3 b6 13. Nd2 Nf4 14. a3 f5 15. f3 Nxe2+
16. Nxe2 f4 17. Bf2 Nd7 18. b4 g5 19. c5 Ba6 20. Rfe1 Bxe2 21. Rxe2 axb4 22.
cxd6 cxd6 23. a4 Nc5 24. Ree1 Qd7 25. Nc4 Rfb8 26. Reb1 b3 27. Qc3 Bf8 28. Bxc5
bxc5 29. Rxb3 Qc7 30. Rab1 Be7 31. Rxb8+ Rxb8 32. Rxb8+ Qxb8 33. Qb2 Qa7 34. Qb5
Kf7 35. a5 Bd8 36. Nxd6+ Kf6 37. Nc4 h6 38. a6 Bc7 39. Qc6+ Kg7 40. d6 Bd8 41.
Qb7+ 1-0

[Event "Online Olym Div2 B 2020"]
[Site "chess.com INT"]
[Date "2020.08.15"]
[Round "4.5"]
[Board "1"]
[White "Lupulescu, Constantin"]
[Black "Druska, Juraj"]
[Result "1-0"]
[WhiteTitle "GM"]
[BlackTitle "IM"]
[WhiteElo "2656"]
[BlackElo "2515"]
[WhiteTeam "Romania"]
[BlackTeam "Slovakia"]
[WhiteFideId "1207822"]
[BlackFideId "14915650"]
[EventDate "2020.08.14"]
[EventType "team"]

1. d4 d5 2. c4 e6 3. Nc3 Nf6 4. cxd5 Nxd5 5. e4 Nxc3 6. bxc3 c5 7. Rb1 cxd4 8.
cxd4 Nc6 9. Nf3 Bb4+ 10. Bd2 Bxd2+ 11. Qxd2 O-O 12. Bb5 Ne7 13. O-O b6 14. Ne5
Bb7 15. Qe3 Ng6 16. Nd7 Re8 17. Nc5 bxc5 18. Bxe8 Rb8 19. Ba4 cxd4 20. Qb3 Qg5
21. Bc6 Bxc6 22. Qxb8+ Nf8 23. f3 a6 24. Qg3 Qe7 25. Rfc1 Bb5 26. Qe5 d3 27. Rb2
h6 28. Qc5 Qf6 29. Qc3 Qf4 30. Re1 Ng6 31. a4 Bxa4 32. Qxd3 Bb5 33. Rxb5 axb5
34. Qxb5 Ne5 35. Qe2 Qf6 36. Kh1 g5 37. Rf1 Ng6 38. g3 Kg7 39. f4 gxf4 40. gxf4
Qh4 41. Qf3 Qf6 42. f5 exf5 43. exf5 Ne5 44. Qg2+ Qg5 45. f6+ Kh7 46. Qxg5 hxg5
47. Rf5 Nd7 48. Rxg5 Nxf6 49. Kg2 Kh6 50. Rg3 Nh5 51. Rg4 Nf6 52. Rf4 Kg5 53.
Kf3 Kg6 54. h4 Nd5 55. Rg4+ Kh6 56. Rg5 Ne7 57. Kg4 Ng6 58. Rh5+ Kg7 59. Rf5 Nf8
60. Ra5 Nd7 61. Kg5 Nf8 62. Kg4 Nd7 63. Rb5 Nf6+ 64. Kf5 Nd7 65. Rb7 Nf8 66. Kg4
Ne6 67. Rb5 Kg6 68. Rf5 Kg7 69. h5 Nf8 70. Rg5+ Kh6 71. Rg8 Nh7 72. Kh4 Nf6 73.
Rd8 Kg7 74. Rd6 Ng8 75. Kg5 f6+ 76. Kh4 Nh6 77. Rd7+ Kg8 78. Kg3 Kh8 79. Kf4 Kg8
80. Ra7 Kh8 81. Ke4 Kg8 82. Rb7 Kh8 83. Kd5 Nf5 84. Ke6 Ng7+ 85. Kf7 Nxh5 86.
Rb5 Ng3 87. Rb3 1-0

[Event "Online Olym Div2 B 2020"]
[Site "chess.com INT"]
[Date "2020.08.15"]
[Round "4.5"]
[Board "2"]
[White "Ftacnik, Lubomir"]
[Black "Gavrilescu, David"]
[Result "1-0"]
[WhiteTitle "GM"]
[BlackTitle "IM"]
[WhiteElo "2510"]
[BlackElo "2476"]
[WhiteTeam "Slovakia"]
[BlackTeam "Romania"]
[WhiteFideId "14900017"]
[BlackFideId "1227190"]
[EventDate "2020.08.14"]
[EventType "team"]

1. Nf3 d5 2. e3 c5 3. b3 Nf6 4. Bb2 Nc6 5. Bb5 Bd7 6. O-O e6 7. d3 Be7 8. Nbd2
O-O 9. Bxc6 Bxc6 10. Ne5 Qc7 11. f4 Nd7 12. Qg4 Nf6 13. Qe2 Nd7 14. Ndf3 f6 15.
Nxc6 Qxc6 16. a4 Rfe8 17. c4 Rad8 18. Rfd1 Qb6 19. Qc2 Nb8 20. a5 Qc7 21. d4 Nc6
22. cxd5 Rxd5 23. e4 Rdd8 24. e5 Nb4 25. Qe2 cxd4 26. Nxd4 Bc5 27. Rac1 Qxa5 28.
exf6 Nc6 29. f7+ Kxf7 30. Qh5+ g6 31. Qxc5 Qxc5 32. Rxc5 Rd6 33. Kf2 Red8 34.
Nxc6 Rd2+ 35. Rxd2 Rxd2+ 36. Kf1 Rxb2 37. Ne5+ Kf6 38. Ng4+ Ke7 39. Rc7+ Kd6 40.
Rxb7 a5 41. Ne5 Rb1+ 42. Kf2 Kd5 43. Kf3 Rf1+ 44. Kg4 Rf2 45. Kg3 Rb2 46. Nc4 1-0